अथर्ववेद: सायण भाष्यावलम्बी सरल हिंदी भावार्थ सहित (Record no. 102684)

MARC details
000 -LEADER
fixed length control field 00833nam a2200241Ia 4500
003 - CONTROL NUMBER IDENTIFIER
control field OSt
005 - DATE AND TIME OF LATEST TRANSACTION
control field 20220916111000.0
008 - FIXED-LENGTH DATA ELEMENTS--GENERAL INFORMATION
fixed length control field 220915b |||||||| |||| 00| 0 san d
037 ## - SOURCE OF ACQUISITION
Terms of availability Textbook
040 ## - CATALOGING SOURCE
Language of cataloging san
Original cataloging agency ARTS
Transcribing agency ARTS
041 ## - LANGUAGE CODE
Language code of text/sound track or separate title san
100 ## - MAIN ENTRY--PERSONAL NAME
Personal name शर्मा, श्रीराम
245 #0 - TITLE STATEMENT
Title अथर्ववेद: सायण भाष्यावलम्बी सरल हिंदी भावार्थ सहित
260 ## - PUBLICATION, DISTRIBUTION, ETC.
Place of publication, distribution, etc. मथुरा
Name of publisher, distributor, etc. गायत्री तपोभूमि भारत
Date of publication, distribution, etc. 1960
300 ## - PHYSICAL DESCRIPTION
Extent 1072पण्
Dimensions cm.
650 ## - SUBJECT ADDED ENTRY--TOPICAL TERM
Topical term or geographic name entry element धर्म
942 ## - ADDED ENTRY ELEMENTS (KOHA)
Classification part Q14:417, 15K0
Koha item type Textbook
Source of classification or shelving scheme Colon Classification (CC)
Holdings
Withdrawn status Lost status Damaged status Not for loan Home library Current library Date acquired Total Checkouts Full call number Barcode Date last seen Price effective from Koha item type
        Arts Library Arts Library 2022-09-16   Q14:417 15K0 AL0110657 2022-09-16 2022-09-16 Textbook
Copyright @ Delhi University Library System